000 00200 a2200097 4500
020 _a046594003959
041 _aeng
100 _aHolmelund Minarik, Else
245 _aLittle bear's friend
942 _cBK
999 _c31322
_d31320